Statistics for Most Populated Cities of Countries Around the Sahara Countries

Click here to take the quiz!

General Stats

  • This quiz has been taken 25 times
    (10 since last reset)
  • The average score is 10 of 15

Answer Stats

HintAnswer% Correct
SenegalDakar
100%
NigeriaLagos
100%
LiberiaMonrovia
100%
GhanaAccra
90%
Sierra LeoneFreetown
90%
Cote d' IvoireAbidjan
80%
Guinea-BissauBissau
80%
Burkina FasoOuagadougou
80%
GuineaConakry
70%
TogoLome
70%
Sao Tome and PrincipeSao Tome
70%
CameroonDouala
40%
BeninCotonou
30%
Equitorial GuineaBata
20%
GambiaBrikama
0%

Score Distribution

Percentile by Number Answered

Percent of People with Each Score

Your Score History

You have not taken this quiz since the last reset